LIBRARY & INFORMATION CENTRE, KCAET, TAVANUR

ONLINE PUBLIC ACCESS CATALOGUE (OPAC)

Normal view MARC view
  • Oppenheim, Alan V

Entry Personal Name

Number of records used in: 1

001 - CONTROL NUMBER

  • control field: 6844

003 - CONTROL NUMBER IDENTIFIER

  • control field: OSt

005 - DATE AND TIME OF LATEST TRANSACTION

  • control field: 20250108150404.0

008 - FIXED-LENGTH DATA ELEMENTS

  • fixed length control field: 250108|| aca||aabn | a|a d

040 ## - CATALOGING SOURCE

  • Original cataloging agency: OSt
  • Transcribing agency: OSt

100 ## - HEADING--PERSONAL NAME

  • Personal name: Oppenheim, Alan V

670 ## - SOURCE DATA FOUND

  • Source citation: Work cat.: (OSt)5633: Oppenheim, Alan V ., Discrete time signal processing / , 2002.
free website counter